000 00983nam a22002537a 4500
005 20170123162339.0
010 _aA-842735
020 _c250.00
035 _aA-842735
037 _bCen Lib/Ret
040 _aDPL
_bUR
082 _a899.15509
_bم ح م
100 _aمحمّد م. مسعودی
_9124301
245 _aکشمیر کے فارسی ادب کی تاریخ :
_cمحمّد م. مسعودی
_b١٧٥٢-١٨١٩ /
246 _aKashmir kay Farsi adab ki tareekh : 1752-1819 /
_bby M.M. Masoodi
260 _aکشمیر
_bبک میڈیا پبلشرز
_c1993
270 _bکشمیر
_e190001
_aپوسٹ باکس نمبر ٤٤٨، دلگاتے سرینگر
300 _a231p.
_c21cm(Hb)
650 _a ادب - اردو
_9126188
650 _a تاریخ - فارسی ادب - کشمیر
_9126189
650 _aLiterature -- Farsi
_9122511
650 _aHistory -- Farsi Literature -- Kashmir
_9126190
942 _2ddc
_cUR
_h899.15509
_mم ح م
999 _c108366
_d108366